000 00622nam a22001697a 4500
999 _c15562
_d15562
003 AR-CdUCM
008 190429b ||||| |||| 00| 0 spa d
040 _aMUNICIPALIDAD PROVINCIAL DEL CUSCO
_cBIBLIOTECA MUNICIPAL DEL CUSCO
082 _aC / 340.4 /
_bS18
100 _aSalinas Villavicencio, Domingo
_934670
245 _aDerecho de Asilo /
260 _aLima :
_bUNMSM,
_c1963.
300 _a142 páginas ;
_c28 cm.
505 _aGeneralidades -- Evolución histórica del derecho de Asilo -- El delito político -- Asilo territorial -- Asilo político --Asilo diplomático...
942 _2ddc
_cLIBROS
945 _awfj